| 000 | 00655nam a2200217 4500 | ||
|---|---|---|---|
| 003 | OSt | ||
| 005 | 20260601193843.0 | ||
| 008 | 260507b |||||||| |||| 00| 0 eng d | ||
| 020 | _a 9788496774827 | ||
| 040 |
_aICI _bspa _cICI |
||
| 050 |
_aNK1520 _bV55 |
||
| 100 | 1 |
_aVladás, Xénia _d1957 _930979 |
|
| 245 | 1 |
_aDiseño Rentable: _bdiez temas a debate |
|
| 264 |
_aBarcelona, España _bIndexBook _c2008 |
||
| 300 | _a213 páginas | ||
| 336 |
_atexto _2rdacontent |
||
| 337 |
_asin medio _2rdamedia |
||
| 338 |
_avolumen _2rdacarrier |
||
| 650 |
_aServicios de diseño _xAdministración _xAspectos económicos _x Mercadotecnia _930980 |
||
| 942 |
_2lcc _cB _n1 |
||
| 999 |
_c21509 _d21509 |
||